000 04198nab a2200361 i 4500
003 BR-BrBNA
005 20250616172503.0
008 250616b2023 bl.mr|pooa||| 00| 0 eng |
040 _aBR-BrBNA
_beng
072 _aF61
072 _aF04
100 _aBernardes, Rodrigo da S.
100 _aSantos, Silvia C.
100 _aSantos, Cleberton C.
100 _aHeid, Diego M.
100 _aVieira, Maria do C.
100 _aTorales, Elissandra P.
245 _aAscophyllum nodosum seaweed extract and mineral nitrogen in Alibertia edulis seedlings
500 _aPublicação on-line; 31 ref.; 5 illus; 3 tables; Sumaries (En, Pt)
520 _a ABSTRACT: Physiological and nutritional management is an important practice for obtaining high quality seedlings. The use of seaweed extract has emerged as an alternative to fertilizers and biostimulants, although information on this with respect to Alibertia edulis, a fruit-bearing species native to the Cerrado region, is scarce. The aim of this study was to evaluate the effects of the Ascophyllum nodosum L. seaweed extract (ANE), both with and without the addition of mineral nitrogen, on the growth, nitrogen nutrient efficiency indices, and quality of A. edulis seedlings. The seedlings received five doses of ANE (0, 5, 10, 15, and 20 mL L-1 of water) via foliar application, with and without the addition of mineral N to the soil (50 mg kg-1 of urea). A randomized block design was used with the treatments arranged in a 5 × 2 factorial scheme. The plant height, stem diameter, chlorophyll index, and number of leaves obtained were analyzed in split-plots over time. Foliar application of 15 and 20 mL L-1 of ANE contributed to greater growth and seedling quality, regardless of the addition of mineral nitrogen. Seedlings treated with mineral N alongside 13.98 mL L-1 of ANE showed the greatest leaf area. The highest N use efficiency, N uptake, and nutrient use occurred in seedlings that received A. nodosum extract. Key words: urea, biostimulant, nutritional management, nutrient use efficiency
520 _a RESUMO: O manejo fisiológico e nutricional é uma prática importante para obtenção de mudas de alta qualidade e o uso de extrato de algas tem se tornado uma alternativa aos fertilizantes e bioestimulantes, mas informações para Alibertia edulis, uma espécie frutífera e nativa do Cerrado, são escassas. Objetivou-se com este trabalho avaliar o efeito de doses do extrato de alga Ascophyllum nodosum L. (ANE), associadas ou não ao nitrogênio mineral no crescimento, índices de eficiência do nutriente nitrogênio e na qualidade de mudas de A. edulis. As mudas receberam aplicação de cinco doses de ANE (0, 5, 10, 15 e 20 mL L-1 de água) via foliar, sem e com adição de N mineral (50 mg kg-1 de ureia ao solo). O delineamento utilizado foi o de blocos casualizados, e os tratamentos foram arranjados em esquema fatorial 5 × 2. Os dados de altura, diâmetro do coleto, número de folhas e o índice de clorofila ao longo do tempo foram analisados em parcelas subdivididas no tempo. A aplicação foliar do extrato de A. nodosum nas doses de 15 e 20 mL L-1, contribuiu para maiores características de crescimento e qualidade de mudas, independente do uso de nitrogênio mineral. Mudas com N mineral e com 13,98 mL L-1 de ANE tiveram maior área foliar. A maior eficiência e absorção de N e uso de nutrientes ocorreu nas mudas que receberam o extrato de alga A. nodosum. Palavras-chave: ureia, bioestimulante, manejo nutricional, eficiência do uso do nutriente
650 _aCERRADO
650 _aESPÉCIE NATIVA
650 _aEXTRATO VEGETAL
650 _aNUTRIÇÃO VEGETAL
650 _aURÉIA
650 _aBIOESTIMULANTE
650 _aFISIOLOGIA VEGETAL
773 0 _03534
_9317831
_dCampina Grande-PB Universidade Federal de Campina Grande. Centro de Ciências e Tecnologia 1997
_o2024-4550
_tRevista Brasileira de Engenharia Agrícola e Ambiental (Brazil)
_x1415-4366
_gv. 27 (3) p. 173-180; (2023)
_wBR2025001477
856 _uhttps://www.scielo.br/j/rbeaa/a/5DcRc9VjRTsfVVrVdvwSXMM/?format=pdf&lang=en
942 _cANA
999 _c332087
_d332087